000 00519nam a2200145 a 4500
008 120416s1971 ||||||||||||||||| || u
050 _aTN 705 Iro
100 _aSavin, Ivan V
245 1 0 _aIron and steel production
_ctranslated for Russian by Ivan V. Savin
246 _aK. Bugayev and others
260 _aMoscow
_bMir
_c1971
300 _a246p. : ill.
350 _a0.00
995 _D0.00
_FCBU-MAIN LIBRARY (Kitwe)
_H1
_I5.50
_UDAMAGED
_ZMain Library Open Access Collection
999 _c48355
_d48355